000 00361nam a2200157Ia 4500
008 151213s9999 xx 000 0 und d
100 _aC.W.Lamb
245 _aMarketing
_cC.W.Lamb
250 _a3rd
260 _aU.S.A
_bSouth Western Collage
_c1995
300 _a2749 p.
650 _aMarketing
650 _aMarketing
700 _aC.W.Lamb
999 _c1859
_d1859